000 01471nam a22002177a 4500
999 _c17954
_d17950
003 AR-BaUME
005 20260303104701.0
008 260226b ||||| |||| 00| 0 spa d
040 _aUMET Biblioteca
_bspa
_cUMET Biblioteca
100 _aSala, Cecilia
_927231
245 _aLa crianza y educación como categorías políticas en los nuevos escenarios pedagógicos /
_cCecilia Sala y Zulema Sosa; Profesor Axel Horn
250 _a1a ed.
260 _aCiudad de Buenos Aires :
_bUMET,
_c2022
300 _a54 p. :
502 _aTesis (Ciclo Curricular Complementario Educación, Políticas Públicas y Organizaciones del Campo Pedagógico) -
_cUniversidad Metropolitana para la Educación y el Trabajo, Ciudad de Buenos Aires,
_d2022.
520 _aEn el siguiente trabajo abordaremos las construcciones sociales, los sentidos, de las familias sobre los jardines maternales del Programa Primera Infancia del Área socioeducativa del Ministerio de Educación del Gobierno de la Ciudad de Buenos Aires, a los que asisten sus hijos e hijas. Dicho trabajo centra su análisis en los jardines maternales que funcionan para y con la población de los/as hijos/as de los/as estudiantes del nivel medio, con el objetivo de acompañar a los/as mismos en el proceso de finalización de sus estudios.
700 _4Sosa, Zulema
700 _927228
_aHorn, Axel
_eprof.
856 _uhttps://forms.gle/Kw4PRVhcEaZfTaho8
_zSolicitar acceso oline
942 _2udc
_cTESIS GR